The European Union : how does it work? /

An introduction to the European Union's structure and operations for those coming to the subject for the first time. Leading scholars and practitioners cut through the complexity to explain how the EU really works and why it matters.

Bibliographic Details
Other Authors: Bomberg, Elizabeth E., Peterson, John, 1958-, Corbett, Richard, 1955-
Format: Book
Language:English
Published: Oxford ; New York : Oxford University Press, [2012]
Edition:3rd ed.
Series:New European Union series.
Subjects:

MARC

Tag First Indicator Second Indicator Subfields
LEADER 00000cam a22000004a 4500
001 in00002787415
005 20151202172127.0
008 110817s2012 enkab b 001 0 eng
010 |a  2011034779 
020 |a 9780199570805 (acid-free paper) 
020 |a 0199570809 (acid-free paper) 
035 |a (OCoLC)ocn747332005 
040 |a DLC  |c DLC  |d TXA  |d UtOrBLW 
042 |a pcc 
043 |a e------ 
049 |a TXAM 
050 0 0 |a JN30  |b .E9417 2012 
082 0 0 |a 341.242/2  |2 23 
245 0 4 |a The European Union :  |b how does it work? /  |c [edited by] Elizabeth Bomberg, John Peterson, and Richard Corbett. 
250 |a 3rd ed. 
264 1 |a Oxford ;  |a New York :  |b Oxford University Press,  |c [2012] 
264 4 |c ©2012 
300 |a xxi, 275 pages :  |b color illustrations, color maps ;  |c 25 cm. 
336 |a text  |b txt  |2 rdacontent 
337 |a unmediated  |b n  |2 rdamedia 
338 |a volume  |b nc  |2 rdacarrier 
490 1 |a The new European Union series 
504 |a Includes bibliographical references and index. 
505 0 |a Introduction / Elizabeth Bomberg, Richard Corbett, and John Peterson -- How did we get here? / Desmond Dinan -- The EU's institutions / Richard Corbett, John Peterson and Elizabeth Bomberg -- Member states / Brigid Laffen and Alexander Stubb -- Key policies / Alberta Sbragia and Francesco Stolfi -- How policies are made / Rory Watson and Richard Corbett -- Democracy in the European Union / Richard Corbett -- EU expansion and wider Europe / Graham Avery -- The EU as a security actor / John Peterson and Sandra Lavenex -- The EU as a global actor / John Peterson -- Conclusion / John Peterson, Richard Corbett, and Elizabeth Bomberg. 
520 |a An introduction to the European Union's structure and operations for those coming to the subject for the first time. Leading scholars and practitioners cut through the complexity to explain how the EU really works and why it matters. 
610 2 0 |a European Union. 
700 1 |a Bomberg, Elizabeth E. 
700 1 |a Peterson, John,  |d 1958- 
700 1 |a Corbett, Richard,  |d 1955- 
830 0 |a New European Union series. 
948 |a cataloged  |b h  |c 2012/12/19  |d c  |e dmitchel  |f 2:30:20 pm 
994 |a C0  |b TXA 
999 |a MARS 
999 f f |s b95d1eae-4a11-39ab-8d0b-2fe8bf946361  |i 7fd35e30-29d9-3bda-b5d3-b1790630d685  |t 0 
952 f f |p ric  |a Texas A&M University  |b Rellis Campus  |c Joint Library Facility  |d Remote Storage  |t 0  |e JN30 .E9417 2012  |h Library of Congress classification  |i unmediated -- volume  |m A14838074551 
998 f f |a JN30 .E9417 2012  |t 0  |l Remote Storage